| 000 | 00977cab a2200277 4500 | ||
|---|---|---|---|
| 001 | WB2401-25 | ||
| 008 | 090401t1987 xxu||||| |||| 00| 0 eng d | ||
| 035 | _a(Sirsi) u93954 | ||
| 041 | _aeng | ||
| 245 | _aValuation disclaimer prevents suit | ||
| 260 | _c1987 | ||
| 350 | _a0 | ||
| 490 |
_aTimes _v22/12/87 p23 Birmingham Post 18/12/87 p5 (2) |
||
| 520 | _aIt was held in Harris and Another v Wyre Forest District Council and Another CA 17 December 1987, that neither the council nor its surveyor owed Mr and Mrs Harris a duty of care not to overvalue their property. Leave to appeal to the House of Lords granted. | ||
| 650 | _aDISCLAIMERS | ||
| 650 | _aLIABILITY | ||
| 650 | _aLOCAL AUTHORITY | ||
| 650 | _aMORTGAGE VALUATION | ||
| 650 | _aNEGLIGENCE | ||
| 650 | _aSMITH V ERIC S BUSH | ||
| 650 | _aSTRUCTURAL FAULTS | ||
| 650 |
_aValuation _96273 |
||
| 690 | _aMANAGEMENT-BUSINESS MANAGEMENT-PROFESSIONAL PRACTICE | ||
| 942 | _n0 | ||
| 948 | _c04/03/1997 | ||
| 999 |
_c59542 _d59542 |
||